| Tag |
First Indicator |
Second Indicator |
Subfields |
| LEADER |
00000cam a2200000 4500 |
| 001 |
in00000072182 |
| 005 |
20151008052433.0 |
| 008 |
761021s1862 enk 00010 engm |
| 010 |
|
|
|a 09021573
|
| 035 |
|
|
|a (OCoLC)02517396
|
| 035 |
|
|
|9 AAH3339AM
|
| 040 |
|
|
|a DLC
|c ISU
|d ISU
|d TXA
|d UtOrBLW
|
| 041 |
1 |
|
|a eng
|h fre
|
| 043 |
|
|
|a n-us---
|
| 049 |
|
|
|a TXAM
|v 1 [193251]
|v 2 [193252]
|
| 050 |
0 |
0 |
|a JK216
|b .T7 1862a
|
| 092 |
|
|
|a 342.73
|b T632d, 1862
|
| 100 |
1 |
|
|a Tocqueville, Alexis de,
|d 1805-1859.
|
| 245 |
1 |
0 |
|a Democracy in America /
|c by Alexis de Tocqueville ; translated by Henry Reeve.
|
| 250 |
|
|
|a New ed. /
|b with an introductory notice by the translator.
|
| 264 |
|
1 |
|a London :
|b Longman, Green, Longman, and Roberts,
|c 1862.
|
| 300 |
|
|
|a 2 volumes ;
|c 23 cm.
|
| 336 |
|
|
|a text
|b txt
|2 rdacontent
|
| 337 |
|
|
|a unmediated
|b n
|2 rdamedia
|
| 338 |
|
|
|a volume
|b nc
|2 rdacarrier
|
| 650 |
|
0 |
|a Democracy.
|
| 651 |
|
0 |
|a United States
|x Politics and government.
|
| 651 |
|
0 |
|a United States
|x Social conditions.
|
| 700 |
1 |
|
|a Reeve, Henry,
|d 1813-1895.
|
| 999 |
|
|
|a MARS
|
| 999 |
f |
f |
|s fb89026e-1aa4-3ca2-8097-17a92940cec2
|i f512a177-22dd-3a74-a213-1b066094185d
|t 0
|
| 952 |
f |
f |
|p noncirc
|a Texas A&M University
|b College Station
|c Cushing Memorial Library & Archives
|d Cushing: Kelsey Americana (Does not check out)
|t 0
|e JK216 .T7 1862a
|h Library of Congress classification
|i unmediated -- volume
|k v.1
|
| 952 |
f |
f |
|p noncirc
|a Texas A&M University
|b College Station
|c Cushing Memorial Library & Archives
|d Cushing: Kelsey Americana (Does not check out)
|t 0
|e JK216 .T7 1862a
|h Library of Congress classification
|i unmediated -- volume
|k v.2
|
| 998 |
f |
f |
|a JK216 .T7 1862a
|s v.1-v.2
|t 0
|l Cushing: Kelsey Americana (Does not check out)
|
| 998 |
f |
f |
|a JK216 .T7 1862a
|s v.1-2
|t 0
|l Evans: Library Stacks
|